Rzeczownik ze „sto” na początku. - Statystyki

Ogólne statystyki
  • Ten quiz został rozwiązany 61 razy
  • Średni wynik to 5 z 10
Statystyki odpowiedzi
Hint Odpowiedź % Poprawnych
10. Stok
81%
2. Stonoga
72%
1. Stokrotka
59%
3. Stopa
57%
6. Stolik
48%
9. Stodoła
39%
5. Stomatolog
33%
4. Stonka
28%
8. Stojak
26%
7. Storczyk
26%
Nie znaleziono quizów pasujących do podanych kryteriów
Rozkład punktacji
Procent ludzi z każdym wynikiem
Percentyl według liczby udzielonych odpowiedzi
Twoja historia wyników
Nie rozwiązałeś tego quizu